Song Title to Artist Click Quiz - Rock - Statistics

General Stats
  • This quiz has been taken 829 times
  • The average score is 16 of 20
Answer Stats
Hint Answer % Correct
Bohemian Rhapsody Queen
99%
Smells Like Teen Spirit Nirvana
96%
Highway to Hell AC/DC
90%
Viva la Vida Coldplay
90%
Jailhouse Rock Elvis Presley
90%
Let It Be The Beatles
90%
Hotel California Eagles
89%
American Idiot Green Day
89%
Sweet Child O' Mine Guns N' Roses
87%
Californication Red Hot Chili Peppers
83%
Don't Stop Believin' Journey
82%
Enter Sandman Metallica
81%
Stairway to Heaven Led Zeppelin
78%
Losing My Religion R.E.M.
78%
(I Can't Get No) Satisfaction The Rolling Stones
74%
Go Your Own Way Fleetwood Mac
68%
I Don't Want To Miss a Thing Aerosmith
67%
Wish You Were Here Pink Floyd
67%
Sunday Bloody Sunday U2
67%
Hot For Teacher Van Halen
58%
No matching quizzes found
Score Distribution
Percent of People with Each Score
Percentile by Number Answered
Your Score History
You have not taken this quiz